|
|
|
|
| LEADER |
00000nam a2200000 i 4500 |
| 001 |
DIGUCAUCA0147 |
| 003 |
NyNyDIG |
| 006 |
m o d |
| 007 |
cr ||||||||||| |
| 008 |
231008s2022 ck a ob 001 0 spa d |
| 035 |
|
|
|a (OCoLC)1394135243
|
| 040 |
|
|
|a DGITA
|b eng
|e rda
|e pn
|c DGITA
|
| 020 |
|
|
|a 9789587325034
|q eBook
|
| 020 |
|
|
|z 9789587325027
|
| 043 |
|
|
|a s-ck---
|
| 050 |
1 |
4 |
|a K7179 ebook
|
| 100 |
1 |
|
|a Garcés Garcés, Hugo Alexander,
|e author.
|
| 245 |
1 |
0 |
|a Matrimonio, unión marital y patrimonio /
|c Hugo Alexander Garcés Garcés.
|
| 250 |
|
|
|a Primera edición en español.
|
| 264 |
|
1 |
|a Popayán, Colombia :
|b Editorial Universidad del Cauca,
|c 2022.
|
| 300 |
|
|
|a 1 online resource :
|b illustrations.
|
| 336 |
|
|
|a text
|b txt
|2 rdacontent
|
| 337 |
|
|
|a computer file
|b c
|2 rdamedia
|
| 338 |
|
|
|a online resource
|b cr
|2 rdacarrier
|
| 347 |
|
|
|a text file
|2 rdaft
|
| 347 |
|
|
|b PDF
|
| 504 |
|
|
|a Includes bibliographical references and Index.
|
| 588 |
0 |
|
|a Online resource; title from PDF title page (Digitalia, viewed October 8, 2023)
|
| 650 |
|
0 |
|a Concubinage
|z Colombia.
|
| 650 |
|
0 |
|a Common law marriage
|z Colombia.
|
| 650 |
|
0 |
|a Matrimonial actions
|z Colombia.
|
| 776 |
0 |
8 |
|i Print version:
|a Garcés Garcés, Hugo Alexander.
|t Matrimonio, unión marital y patrimonio.
|b Primera edición en español.
|d Popayán, Colombia : Editorial Universidad del Cauca, 2022
|z 9789587325027
|
| 791 |
2 |
|
|a Digitalia (Firm),
|e distributor.
|
| 793 |
0 |
|
|g Digitalia eBook Collection:
|a Universidad del Cauca
|
| 856 |
4 |
0 |
|3 Digitalia Hispánica
|u https://www.digitaliapublishing.com/a/129862/
|
| 910 |
|
|
|a Premium collection: 2023
|